The Housing Act 1980 as amended by the Housing and Building Control Act 1984. (Record no. 92349)

MARC details
000 -LEADER
fixed length control field 00474cam a2200181 4500
001 - CONTROL NUMBER
control field D856
008 - FIXED-LENGTH DATA ELEMENTS--GENERAL INFORMATION
fixed length control field 090401t1984 xxu||||| |||| 00| 0 eng d
035 ## - SYSTEM CONTROL NUMBER
System control number (Sirsi) u48498
041 ## - LANGUAGE CODE
Language code of text/sound track or separate title eng
050 ## - LIBRARY OF CONGRESS CALL NUMBER
Classification number 306.026
100 ## - MAIN ENTRY--PERSONAL NAME
Personal name Aldridge, Trevor M.
245 #4 - TITLE STATEMENT
Title The Housing Act 1980 as amended by the Housing and Building Control Act 1984.
260 ## - PUBLICATION, DISTRIBUTION, ETC.
Place of publication, distribution, etc. London
Name of publisher, distributor, etc. Oyez/Longman
Date of publication, distribution, etc. 1984
300 ## - PHYSICAL DESCRIPTION
Extent xxxix. 334p. 22cm
350 ## - PRICE (NR) (BK AM CF MU VM SE) [OBSOLETE]
Price 18.95
942 ## - ADDED ENTRY ELEMENTS (KOHA)
Suppress in OPAC 0
948 ## - LOCAL PROCESSING INFORMATION (OCLC); SERIES PART DESIGNATOR (RLIN)
c (OCLC) 04/03/1997
Holdings
Withdrawn status Lost status Source of classification or shelving scheme Damaged status Not for loan Home library Current library Shelving location Date acquired Cost, normal purchase price Total Checkouts Full call number Barcode Date last seen Date last checked out Copy number Cost, replacement price Price effective from Koha item type
    Dewey Decimal Classification     London London Basement 14/09/1999 18.95 3 BASEMENT 61 30000108 06/08/2019 02/01/2002 1 18.95 06/08/2019 Book